000 00464nam a2200169Ia 4500
008 090711s9999 xx 000 0 und d
082 _b63393
100 _aशेट्ये Sांद्रहास
245 _aअजेय
260 _c1989
300 _a528
600 _aशेट्ये Sांद्रहास
630 _aअजेय
700 _aशेट्ये Sांद्रहास
730 _aअजेय
942 _cBOOK
999 _c297336
_d297336